|
|
|
|
| LEADER |
00808nam a22002532a 4500 |
| 001 |
001695718 |
| 003 |
CZ BrMZK |
| 005 |
20200102072454.0 |
| 007 |
ta |
| 008 |
190720s1952 ru er|||||||||||rus d |
| 040 |
|
|
|a BOA001
|b cze
|e aacr2
|
| 072 |
|
7 |
|a 636.09
|x Veterinární lékařství
|2 Konspekt
|9 24
|
| 080 |
|
|
|a 636.09
|2 MRF
|
| 080 |
|
|
|a (049)
|2 MRF
|
| 100 |
1 |
|
|a Posochin, Je. G.
|4 aut
|
| 245 |
1 |
0 |
|a Tuberkulez sel‘skochozjajstvennych životnych /
|c Je.G. Posochin
|
| 260 |
|
|
|a Moskva :
|b Sel‘chozgiz,
|c 1952
|
| 300 |
|
|
|a 34 s.
|
| 650 |
0 |
7 |
|a nemoci hospodářských zvířat
|7 ph136502
|2 czenas
|
| 655 |
|
7 |
|a pojednání
|7 fd133056
|2 czenas
|
| 910 |
|
|
|a BOA001
|b X-0301.465
|
| 990 |
|
|
|a BK
|
| 991 |
|
|
|b 201907
|
| 996 |
7 |
|
|b 2618807626
|c X-0301.465
|l MZK
|r Sklad / do 24 hodin
|n 0
|w 001737001
|u 000010
|a 1
|e BOA001
|j MZK50
|s A
|